Open Data Biblioteca Nacional de Portugal


República Portuguesa: Ministério da Cultura
Biblioteca Nacional de Portugal

Catálogo da BNP: acesso por Identificadores Unívocos
Registos Bibliográficos associados ao registo de autoridade

Etiqueta de registo: 00254nam 2200025 450
001 2286488
003 http://id.bnportugal.gov.pt/bib/catbnp/2286488
010 ## $a978-989-33-9325-3
021 ## $aPT$b561285/26
100 ## $a20260519d2026 m y0pory01030103ba
101 0# $apor
102 ## $aPT
105 ## $aa z 000yy
106 ## $ar
200 1# $aEspreitar para debaixo do tapete$e30 anos de peripécias insólitas$fcoord. Ana Cristina Oliveira$gAida Correia... [et al.]
205 ## $a1ª ed
210 #9 $a[S.l.]$cAssociação Cultural Música XXI,$d2026
215 ## $a117, XIX, [1] p.$cil.$d21 cm
675 ## $a792(469.601)(042)$vBN$zpor$32001605
675 ## $a37.091.3(469.601)(042)$vBN$zpor$32001604
701 #1 $92$aCorreia,$bAida$4070$31998691
702 #1 $aOliveira,$bAna Cristina,$f1963-$4340$31306674
801 #0 $aPT$bBN$gRPC
856 41 $uhttp://rnod.bnportugal.gov.pt/ImagesBN/winlibimg.aspx?skey=&doc=2286488&img=223743&save=true
966 ## $lBN$mFGMON$sS.C. 169383 V.$x1
966 ## $lBN$mFGMON$sS.C. 169383 V.-D$x1
971 ## $cisantos$d20260519
973 ## $caalmeid$d20260624

OpendataBNP@bnportugal.pt | Mais informação sobre acesso aos dados BNP